000 00870nam a2200277 a 4500
001 53088
003 BD-RjUL
005 20211209075916.0
008 161003s1989 enka b 001 0 eng
020 _a0412277603
035 _a(BD-RjUL)53208
040 _aDLC
_cDLC
_dDLC
_dBD-RjUL
_beng
041 _aeng
082 0 0 _a519.542
_223
_bMAE 1989
100 1 _aMaritz, J. S.
_9158673
245 1 0 _aEmpirical Bayes methods /
_cJ.S. Maritz and T. Lwin.
250 _a2nd ed.
260 _aLondon ;
_aNew York :
_bChapman and Hall,
_c1989.
300 _ax, 284 p. :
_bill. ;
_c23 cm.
500 _aIncludes indexes.
650 0 _aDecision theory.
_9130490
700 1 _aLwin, T.,
_d1944-
_9158675
830 _aMonographs on statistics and applied probability ;
_v32
_9158678
942 _2ddc
_cBK
999 _c53088
_d53088